| 000 | 00433pab a2200157 454500 | ||
|---|---|---|---|
| 008 | 180718b2006 xxu||||| |||| 00| 0 eng d | ||
| 100 | _aSivam, Meir | ||
| 245 | _aDefense system in Israel: the state comptroller's perspective | ||
| 260 | _c2006 | ||
| 300 | _ap.661-78. | ||
| 650 | _aAudit - Israel | ||
| 650 | _aDefence - Israel | ||
| 650 | _aDefence | ||
| 773 | _aInternational Journal of Public Administration | ||
| 909 | _a71020 | ||
| 999 |
_c71020 _d71020 |
||